Statistiques concernant Drapeaux d’Afrique niveau : moyen

Cliquez ici pour prendre le quiz!

Statistiques générales

  • Ce quiz a été pris 725 fois
  • Le résultat moyen est 13 sur 15

Statistiques - réponses

Réponse% Correct
Somalie
91%
Tchad
90%
Niger
89%
Ouganda
89%
Libye
87%
Madagascar
87%
Lesotho
85%
Benin
81%
Soudan
81%
Togo
81%
Congo
80%
Mozambique
80%
Swaziland
80%
Botswana
77%
Burkina Faso
76%

Distribution des résultats

Percentile par nombre de réponses

% des personnes avec chaque résultat

Votre développement - résultats

Vous n’avez pas pris ce quiz